2026 World Cup - USA Squad - Statistics

General Stats
  • This quiz has been taken 2 times
  • The average score is 17 of 26
Answer Stats
Hint Club Pos Answer % Correct
Fulham Fulham_FC_(shield).svg DF Antonee Robinson
100%
Crystal Palace Crystal_Palace_FC_logo_(2022).svg DF Chris Richards
100%
AC Milan Logo_of_AC_Milan.svg FW Christian Pulisic
100%
AS Monaco LogoASMonacoFC2021.svg FW Folarin Balogun
100%
Borussia Monchengladbach Borussia_Mönchengladbach_logo.svg MF Gio Reyna
100%
Coventry City Coventry_City_FC_crest.svg FW Haji Wright
100%
Bayer Leverkusen Bayer_04_Leverkusen_logo.svg MF Malik Tillman
100%
New England Revolution New_England_Revolution_logo.svg GK Matt Turner
100%
FC Cincinnati FC_Cincinnati_Primary_Logo_2023.svg DF Miles Robinson
100%
PSV Eindhoven PSV_Eindhoven.svg FW Ricardo Pepi
100%
PSV Eindhoven PSV_Eindhoven.svg DF Sergino Dest
100%
Charlotte FC Charlotte_FC_logo.svg DF Tim Ream
100%
Bournemouth AFC_Bournemouth_(2013).svg MF Tyler Adams
100%
Juventus Juventus_FC_-_logo_black_%28Italy%2C_2020%29.svg MF Weston McKennie
100%
Leeds United Leeds_United_F.C._logo.svg FW Brenden Aaronson
50%
Seattle Sounders Seattle_Sounders_FC.svg MF Cristian Roldan
50%
Borussia Monchengladbach Borussia_Mönchengladbach_logo.svg DF Joe Scally
50%
Toulouse Toulouse_FC_2018_logo.svg DF Mark McKenzie
50%
Marseille Olympique_Marseille_logo.svg FW Tim Weah
50%
Club America Club_Am%C3%A9rica_crest.svg FW Alejandro Zendejas
0%
Villarreal Villarreal_CF_logo-en.svg DF Alex Freeman
0%
Celtic Celtic_FC_crest.svg DF Auston Trusty
0%
Chicago Fire Chicago_Fire_FC_logo_(2020).svg GK Chris Brady
0%
New York City FC New_York_City_FC.svg GK Matt Freese
0%
Columbus Crew Columbus_Crew_SC_logo_2020.svg DF Max Arfsten
0%
Vancouver Whitecaps Vancouver_Whitecaps_logo.svg MF Sebastian Berhalter
0%
No matching quizzes found
Score Distribution
Percent of People with Each Score
Percentile by Number Answered
Your Score History
You have not taken this quiz